Movies Quiz

Random Movies or Classical Quiz

Disney Classical Movies Quiz Stats

Quiz not verified by Sporcle

Challenge
Share
Tweet
Embed
Score 0/28 Timer 08:00
0 Plays Today
Character Answer % Correct
WendyPeter Pan
93.8%
Cheshire CatAlice in Wonderland
92%
GastonBeauty and the Beast
90.6%
JefarAladdin
90.2%
FlounderThe Little Mermaid
90%
ZazuLion King
89.5%
GepettoPinocchio
88.4%
MaleficentSleeping Beauty
86.4%
Chi FuMulan
85%
MogleyThe Jungle Book
83.3%
JaneTarzan
82.6%
HappySnow White and the Seven Dwarfs
82.1%
FlowerBambi
80.1%
Little JohnRobin Hood
80.1%
Character Answer % Correct
DuchessThe Aristocats
76.8%
OliverOliver and Company
76.3%
JaqCinderella
74.8%
MeekoPocahontas
72.5%
CopperThe Fox and the Hound
68.8%
Mickey MouseFantasia
68.5%
KronkThe Emperor's New Groove
67.2%
TrustyLady and the Tramp
58.7%
Perdita101 Dalmations
56%
PhilHercules
56%
KodaBrother Bear
54.7%
Timothy Q. MouseDumbo
54.2%
Captain GantuLilo and Stitch
48.2%
GurgiThe Black Cauldron
28.1%

You're not logged in!

Compare scores with friends on all Sporcle quizzes.
Join for Free
OR
Log In

You Might Also Like...

Show Comments

Extras

Top Quizzes Today


Score Distribution

Your Account Isn't Verified!

In order to create a playlist on Sporcle, you need to verify the email address you used during registration. Go to your Sporcle Settings to finish the process.

Report this User

Report this user for behavior that violates our Community Guidelines.

Details: